| 000 | 00735nam a2200217Ia 4500 | ||
|---|---|---|---|
| 001 | 15733 | ||
| 003 | GE_BSU | ||
| 008 | 181216s||||||||xx |||||||||||||| ||und|| | ||
| 040 | _cGE_BSU | ||
| 080 | _a82-93 | ||
| 100 | _aხორგუაშვილი, გიორგი | ||
| 245 | _aცხელი ყინული | ||
| 245 | _bდიმო: მოთხრობები. უფრ. სასკოლო ასკის ბავშვებისათვის | ||
| 260 | _aთბილისი | ||
| 260 | _bნაკადული | ||
| 260 | _c1982 | ||
| 300 | _a182გვ. ; 20სმ | ||
| 653 | _aდიმო: მოთხრობები. | ||
| 653 | _aცხელი ყინული | ||
| 942 | _cBK | ||
| 999 |
_c48831 _d48831 |
||